Statistics for Game Shows by Their Catch Phrase

Click here to take the quiz!

General Stats

  • This quiz has been taken 136 times
  • The average score is 9 of 12

Answer Stats

PhraseGame Show% Correct
Deal, or no deal?Deal or No Deal
95%
Survey says...Family Feud
87%
I'd like to buy a vowel.Wheel of Fortune
85%
You are the weakest link. Goodbye.The Weakest Link
82%
Is that your final answer?Who Wants to be a Millionaire?
82%
Come on down!The Price Is Right
81%
I'll make it a true Daily Double.Jeopardy!
79%
The chase is on!The Chase
66%
You're fired!The Apprentice
65%
The Tribe has spoken.Survivor
59%
No whammies, no whammies.Press Your Luck
54%
What's behind door number one?Let's Make a Deal
50%

Score Distribution

Percentile by Number Answered

Percent of People with Each Score

Your Score History

You have not taken this quiz